000 00327pam a2200133a 44500
008 230405s2008 xxu||||| |||| 00| 0 eng d
041 _aENG
100 _aGARRATT D C
245 _aTHE QUANTITATIVE ANALYSIS OF DRUGS
250 _a3
260 _aNEW YORK
_bJOHN WILLY & SONS NEW YORK
_c2008
300 _a925
906 _a3913
999 _c279184
_d279184